000
00323nam a2200145Ia 4500
008
230605s1987 xx 000 0 und d
041
_a
eng
100
_a
Potter
245
_a
Food Science 3rd ed.
260
_b
C.B.S.Publication
_c
1987
300
_a
780p
520
_a
General
520
_a
Hard Board
650
_a
C.S.
999
_c
419886
_d
419886